| 000 | 00510nam a2200193 a 4500 | ||
|---|---|---|---|
| 001 | 1774864617683 | ||
| 003 | YourLibrary | ||
| 005 | 20260330153039.0 | ||
| 008 | 260330s1987##################000#0#eng## | ||
| 020 | _a9780714633077 | ||
| 082 | 0 | 4 |
_a358.400941 _bJON |
| 100 | 1 |
_aJones, Neville, _eauthor. |
|
| 245 | 1 | 0 | _aThe Beginnings of Strategic Air Power : |
| 260 |
_bPsychology Press, _c1987. |
||
| 300 | _a238 pages | ||
| 650 | 0 | _aHistory. | |
| 942 | _cENGLISH | ||
| 040 |
_aYourLibrary _beng _cYourLibrary |
||
| 999 |
_c618367 _d618367 |
||